| 000 | 00518nam a2200157Ia 4500 | ||
|---|---|---|---|
| 003 | SGT | ||
| 020 | _a9780195676877 | ||
| 082 |
_a621.38152 _bDUT |
||
| 100 | _aDutta,Aloke K | ||
| 245 | _aSemiconductor devices and circuits | ||
| 260 |
_bOxford University Press _aN.Delhi _c2009 |
||
| 300 | _a848p. | ||
| 650 | _aELECTRONICS ENGINEERING | ||
| 653 | _aBASIC SEMICONDUCTOR PHYSICS,JUNCTION DIODES BIPOLAR JUNCTION TRANSISTORS,METAL-OXIDE-SEMICONDUCTOR (MOS) CAPACITORS,FIELDS-EFFECT TRANSISTORS,BIASING | ||
| 942 |
_2ddc _cBK |
||
| 999 |
_c5512 _d5512 |
||